000 00801nab a2200241u 4500
001 15758
003 HDC
007 c| |||a|c|aaaa
008 210218b20140421my ||||| |||| 00| 0 may d
040 _aHDC
100 _aZuraidah Mohamed /
_eauthor
_98809
245 0 _aHDC sasar 500 PKS terima bantuan /
_cZuraidah Mohamed
336 _atext
_2rdacontent
337 _acomputer
_2rdamedia
338 _aonline resource
_2rdacarrier
650 _aHalal Development Corp (HDC)
_915403
650 _asmall and medium enterprises
_95226
710 _aBERITA HARIAN
856 _zRequest full-text at [email protected]
942 _2lcc
942 _cNEWS
942 _kNWSC 003756
999 _c13074
_d13074